[Event "GER-ch U16"]
[Site "Willingen"]
[Date "2019.06.15"]
[Round "9"]
[White "Richter, Nils"]
[Black "Post, Hugo"]
[Result "1-0"]
[WhiteElo "2121"]
[BlackElo "2113"]
[PlyCount "79"]
[EventDate "2019.06.08"]
[EventType "swiss"]
[EventRounds "9"]
[EventCountry "GER"]
[SourceTitle "CBM 191 Extra"]
[Source "ChessBase"]
[SourceDate "2019.09.30"]
[SourceVersion "1"]
[SourceVersionDate "2019.09.30"]
[SourceQuality "1"]

1. e4 c5 2. Nf3 d6 3. d4 cxd4 4. Nxd4 Nf6 5. Nc3 a6 6. h3 h5 7. g3 e5 8. Nde2 b5 9. Bg2 Bb7 10. 0-0 Nbd7 11. Nd5 Nxd5 12. exd5 Qc7 13. Bg5 g6 14. Nd4 Bg7 15. Nc6 Nf6 16. a4 0-0 17. axb5 axb5 18. Qd3 e4 19. Qxb5 Nxd5 20. Na5 Ba6 21. Qxd5 Bxf1 22. Bxf1 Bxb2 23. Ra2 Be5 24. Nc6 Rxa2 25. Ne7+ Kh7 26. Qxa2 Qd7 27. Nd5 Qe6 28. Qc4 Bg7 29. Bg2 Re8 30. Qb3 Qf5 31. Bf4 Qe6 32. c4 Rc8 33. Qb4 Rc6 34. h4 Bd4 35. Be3 Bxe3 36. Nxe3 Rc8 37. Qb7 Re8 38. Nd5 Kg7 39. Nc7 Qe7 40. Nxe8+ 1-0

[Event "Sachsen-Anhalt Verbandsliga 18/19"]
[Site "Sachsen Anhalt"]
[Date "2019.04.07"]
[Round "9.3"]
[White "Zeuner, Michael"]
[Black "Post, Hugo"]
[Result "1-0"]
[WhiteElo "2120"]
[BlackElo "2136"]
[PlyCount "68"]
[EventDate "2018.10.21"]
[EventType "team-tourn"]
[EventRounds "9"]
[EventCountry "GER"]
[SourceTitle "EXT 2022"]
[Source "ChessBase"]
[SourceDate "2021.10.06"]
[SourceVersion "1"]
[SourceVersionDate "2021.10.06"]
[SourceQuality "1"]
[WhiteTeam "Magdeburg Aufbau Elbe III"]
[BlackTeam "Reideburg 90 Halle"]
[WhiteTeamCountry "GER"]
[BlackTeamCountry "GER"]

1. d4 Nf6 2. Bf4 e6 3. e3 c5 4. c3 b6 5. Nf3 Bb7 6. Bd3 Be7 7. Nbd2 cxd4 8. exd4 0-0 9. Qe2 d6 10. h3 Nbd7 11. 0-0 Re8 12. Rfe1 a6 13. Bh2 Nf8 14. Rad1 Ng6 15. Ne4 Nd5 16. Qd2 b5 17. b3 Rc8 18. Rc1 Nb6 19. Rc2 Qd7 20. Neg5 h6 21. Bxg6 fxg6 22. Ne4 Bd5 23. Qd3 g5 24. Nfd2 Bf8 25. Rec1 a5 26. Ng3 Qb7 27. f3 Qa6 28. a4 Bc6 29. Nh5 Ra8 30. Qg6 Kh8 31. Bxd6 Qb7 32. Be5 Qe7 33. axb5 Bxb5 34. Nf6 gxf6 1-0